Normal view
MARC view
- الترويج والاعلان
Entry Topical Term
001 - CONTROL NUMBER
- control field: 28182
003 - CONTROL NUMBER IDENTIFIER
- control field: JO-AjAnu
005 - DATE AND TIME OF LATEST TRANSACTION
- control field: 20230606074758.0
008 - FIXED-LENGTH DATA ELEMENTS
- fixed length control field: 230606|| aca||aabn | a|a d
040 ## - CATALOGING SOURCE
- Original cataloging agency: JO-AjAnu
- Transcribing agency: JO-AjAnu
150 ## - HEADING--TOPICAL TERM
- Topical term or geographic name entry element: الترويج والاعلان
670 ## - SOURCE DATA FOUND
- Source citation: Work cat.: (JO-AjAnu)14466: العلاق، بشير عباس /م.مشارك: علي محمد ربابعة, author 28181, الترويج والاعلان التجاري: اسس ، نظريات ، تطبيقات (مدخل متكامل)